000 01166nam0a22002891 4500
001 RU\NLR\INFOCOMM_165\5000013200
005 20250613095604.0
035 _a(NLR Aleph) 009299369
090 _a9269323
_c9269323
100 _a20101015d1969 |||y0rusy50 ca
101 0 _aeng
102 _aRU
105 _ay ||||000|y
200 1 _aSystem of indicators, classifications and groupings
_fProf. A. Yezhov, Dr. of economics
_gCentral statistical board of the USSR. Scientific-research inst. of the CSB of the USSR. - United Nations Economic commis. for Asia and the Far East. International seminar on statistics for planning. (ECAFE fellowship study tour). Sept. 1969
210 _aΜ.
_d1969
215 _a27 с.
_d20 см
309 _aОтпечат. множит. аппаратом
606 _aСтатистика
_2nlr_sh1
686 _aЭ14-12
_2rubbk
700 1 _9z01790
_aEžov
_bA. I.
_gAnatolij Ivanovič
_4070
712 0 2 _aInternational seminar on statistics for planning
_eMoscow
_f1969
_4570
790 1 _9z01700
_aYezhov
_bA.
_4070
801 1 _aRU
_bNLR
_c20101015
801 0 _aRU
_bNLR
_gPSBO
852 _aNLR
_jЭк85 Д-4/14
942 _cBOOK
980 _aNB